Statistiques concernant Quiz-le 11 de barcelone pour 2022

Cliquez ici pour prendre le quiz!

Statistiques générales

  • Ce quiz a été pris 194 fois
  • Le résultat moyen est 10 sur 15

Statistiques - réponses

HintRéponse% Correct
1Ter stegen
98%
11Dembele
85%
3Araujo
84%
10De jong
82%
5Alba
81%
CoachXavi
80%
6Busquets
78%
4Kounde
78%
9Lewandowski
77%
8Kessie
49%
Super subChristensen
48%
2Dest
40%
Super subAubameyang
37%
Super subAnsu fati
30%
7Raphina
20%

Distribution des résultats

Percentile par nombre de réponses

% des personnes avec chaque résultat

Votre développement - résultats

Vous n’avez pas pris ce quiz